Δημιουργία εφαρμογής διαχείρισης των δεδομένων της PhotoBiennale του μουσείου φωτογραφίας Θεσσαλονίκης : μεταπτυχιακή διατριβή

Αποθηκεύτηκε σε:
Λεπτομέρειες βιβλιογραφικής εγγραφής
Κύριος συγγραφέας: Ζαγκότη, Αφροδίτη
Συγγραφή απο Οργανισμό/Αρχή: Πανεπιστήμιο Αιγαίου. Σχολή Κοινωνικών Επιστημών. Τμήμα Πολιτισμικής Τεχνολογίας και Επικοινωνίας. Πρόγραμμα Μεταπτυχιακών Σπουδών Πολιτισμική Πληροφορική και Επικοινωνία
Άλλοι συγγραφείς: Καβακλή, Ευαγγελία (Εισηγητής διατριβής), Σαμπανίκου, Εύη Δημ., 1965- (Εισηγητής διατριβής)
Μορφή: Thesis Βιβλίο
Γλώσσα:Greek
Δημοσίευση: 2011
Θέματα:
Διαθέσιμο Online:http://hdl.handle.net/11610/16055
Ετικέτες: Προσθήκη ετικέτας
Δεν υπάρχουν, Καταχωρήστε ετικέτα πρώτοι!

MARC

LEADER 00000cam a2200000 i 4500
001 1/21277
008 120626s2011 gre d
035 |l 10112845 
040 |a GR-MY-UA  |b gre  |e aacr 
041 0 |a gre 
082 0 |a 770  |2 (22) 
100 1 |a Ζαγκότη, Αφροδίτη. 
245 1 0 |a Δημιουργία εφαρμογής διαχείρισης των δεδομένων της PhotoBiennale του μουσείου φωτογραφίας Θεσσαλονίκης :  |b μεταπτυχιακή διατριβή /  |c Ζαγκότη Αφροδίτη ; επιβλέπουσα: Καβακλή Ευαγγελία, συνεπιβλέπουσα: Σαμπανίκου Ευαγγελία 
260 |c 2011 
300 |a 72 σ.;  |b εικ.;  |c 30 εκ. 
500 |a Βιβλιογραφία: σ. 71-72 
502 |a Διατριβή (μεταπτυχιακή) – Πανεπιστήμιο Αιγαίου, Λέσβος, 2011. 
650 0 0 |a Photography  |x History. 
650 0 0 |a Photographers. 
650 0 0 |a Dissertations, Academic  |z Greece. 
700 1 |a Καβακλή, Ευαγγελία.  |4 ths 
700 1 |4 ths  |a Σαμπανίκου, Εύη Δημ.,   |d 1965- 
710 2 |a Πανεπιστήμιο Αιγαίου.   |b Σχολή Κοινωνικών Επιστημών.   |b Τμήμα Πολιτισμικής Τεχνολογίας και Επικοινωνίας.   |b Πρόγραμμα Μεταπτυχιακών Σπουδών Πολιτισμική Πληροφορική και Επικοινωνία. 
852 |a INST  |b LESVOS  |c DIATR  |e 20120626  |h 405  |p 005100052230  |q 005100052230  |t MTXE  |y 23 
852 |a INST  |b LESVOS  |c DIATR  |e 20120626  |h 406  |p 005100052229  |q 005100052229  |t MTXE  |y 23 
856 |u http://hdl.handle.net/11610/16055 
901 |a BIBL1-2012-2 
909 |a Λ  |b 175042 
909 |a Λ  |b 175043 
924 |a ΖΑΓΚΟΤΗ  |b ΑΦΡΟΔΙΤΗ  |y ΛΕΣΒΟΣ  |z 2011-04 
970 |a ΤΖΑΦΕΡΗ  |b ΕΥΑΓΓΕΛΙΑ  |z 2012/06/26